Mladý človek a televízne spravodajstvo

Bibliographic Details
Main Authors: Turan, Vesna (Author), Bratská, Mária (Author), Sobihardová, Ľubica (Author), Krupinski, Miruška (Author)
Format: Book
Language:Slovak
PhysicalDescription:45 s. fotogr., grafy 22 cm
Published: Bratislava Iuventa 2001
ISBN:8088893879
Subjects:

MARC

LEADER 00000nam a2200000 a 4500
001 vtls001450255
003 SK-MaSNL
005 20260301013825.0
008 130607sm y0 xo a r 0 slo
015 |a SNBE2003/03-01411 
020 |a 8088893879 
035 |a SNK000405545 
040 |a SNK  |b slo  |c SNK  |e AACR2 
044 |a xo  |c SK 
072 7 |a 316.4/.7  |x Sociálne interakcie  |2 prospekt 
072 7 |a 654  |x Telekomunikácie a diaľkové riadenie  |2 prospekt 
080 |a 316.2  |2 1981 
080 |a 657.443  |2 1981 
080 |a 654.1-053.81  |2 1981 
080 |a (437.6)  |2 1981 
080 |a (036)  |2 1981 
080 |a 654.172:659.3+303.423(083.9)  |2 2. slo 
080 |a 303.423  |2 2. slo 
245 1 |a Mladý človek a televízne spravodajstvo  |c autor: Vesna Turan... [et al.] 
260 |a Bratislava  |b Iuventa  |c 2001 
300 |a 45 s.  |b fotogr., grafy  |c 22 cm 
500 |a Obalový názov. Údaj o aut. prevzatý z obalu 
504 |a Bibliogr. s. 43-44 
650 0 7 |a masová komunikácia  |2 SNKPH  |9 1423 
650 0 7 |a televízne vysielanie  |2 SNKPH  |9 2922 
650 0 7 |a sociologické aspekty  |2 SNKPH  |9 67369 
650 0 7 |a televízne spravodajstvo  |2 SNKPH  |9 78369 
650 0 7 |a výskum  |2 SNKPH  |9 4238 
650 0 7 |a sledovanosť  |2 SNKPH  |9 67370 
655 7 |a informačné publikácie  |2 SNKPH  |9 70181 
700 1 |a Turan, Vesna  |4 aut  |9 301174 
700 1 |a Bratská, Mária  |4 aut  |9 278690 
700 1 |a Sobihardová, Ľubica  |4 aut  |9 9094 
700 1 |a Krupinski, Miruška  |4 aut  |9 301175 
919 |a 80-88893-87-9 
999 |c 557042  |d 558972 
952 |t P60, <03>, [BOOK], {603}  |a SNK  |b SNK  |y PREZ  |7 0  |p 17A0375975  |o snkOSC 22069  |i snkKSP 3705/2003  |0 0  |1 0  |4 0  |d 2003-02-26  |l 0  |r 2005-01-02 00:00:00  |w 2026-02-23 
952 |a SNK  |b SNK  |y VYP  |7 0  |p 17A0375976  |o snkOSC 22069 D1  |i snkKSP 3706/2003  |0 0  |1 0  |4 0  |d 2003-02-26  |l 0  |r 2005-01-02 00:00:00  |w 2026-02-23